000 00679nam a2200193 a 4500
005 20140412111235.0
008 040422s19uu xx 00 eng d
020 _a0-394-89131-7
050 _aER
_bBe35On 1987
100 _aBerenstain, Stan
245 _aBerenstain Bears :
_bOn the job /
_cStan and Jan Berenstain.
260 _aNew York :
_bRandom House,
_c1987.
300 _a1 v. (unp.) ; ill.
440 _aA First Time Book
520 _aTwo young bears speculate on all the things they could grow up to be, including a bus driver, farmer, scientist, singer, and computer programmer.
650 _aOccupations
_xFiction
650 _aBears
_xFiction
999 _c102393
_d102393